| 000 | 00927nam a2200229 i 4500 | ||
|---|---|---|---|
| 001 | 161214 | ||
| 003 | ES-MaACL | ||
| 005 | 20250905063052.0 | ||
| 008 | 950614s1866 sp |||| | spa d | ||
| 080 | _a75 | ||
| 100 | 1 |
_aPacheco, Francisco, _d1564-1644 _9151434 |
|
| 245 | 1 | 0 |
_aArte de la pintura _b: su antigüedad y grandeza... / _cpor Francisco Pacheco... |
| 250 |
_a2\pa\s ed... fielmente copiada de la primera que dió a la estampa su autor en Sevilla el año de 1649 _bdirígela D.G. Cruzada Villaamil. |
||
| 260 |
_aMadrid : _b[s.n.], _c1866 ( _fImprenta de Manuel Galiano...) |
||
| 300 |
_a2 v. (432; 382 p.) ; _c23 cm. |
||
| 490 | 1 |
_aBiblioteca de El arte en España ; _v2-3 |
|
| 650 | 7 |
_aPintura _2embne _916002 |
|
| 700 | 1 |
_aCruzada Villaamil, Gregorio. _941863 |
|
| 830 | 0 | 0 |
_aBiblioteca de El arte en España _v2-3 _9188326 |
| 852 |
_aES-MaACL _jB-5356-57 _z-- Enc. hol. |
||
| 999 |
_c161214 _d161214 |
||